[Event "2025 Welsh Open"]
[Site "Mercure Cardiff North Hotel, Circle Way East, Llanedeyrn, Cardiff CF23 9XF"]
[Date "2025.04.18"]
[Round "2"]
[Board "11"]
[White "Browse, Joseph"]
[Black "Enoch, Kristan"]
[Result "1-0"]
[WhiteElo "1804"]
[BlackElo "1611"]
[PlyCount "71"]
[GameId "2191927196001239"]
[EventDate "2025.04.18"]
[EventRounds "7"]
[EventCountry "WLS"]

1. Nf3 d5 2. d4 Nf6 3. c4 e6 4. cxd5 exd5 5. Bg5 Bf5 6. Nc3 c6 7. e3 Nbd7 8. Bd3 Bxd3 9. Qxd3 Be7 10. O-O O-O 11. Rab1 Ne4 12. Bxe7 Qxe7 13. b4 f5 14. b5 Rf7 15. bxc6 bxc6 16. Qc2 Qf6 17. Rfc1 Qd6 18. Rb7 a5 19. Na4 Ra6 20. Qd3 c5 21. Qb5 c4 22. Ne5 Nxe5 23. Rb8+ Rf8 24. Rxf8+ Kxf8 25. dxe5 Qc6 26. Qb8+ Kf7 27. f3 Ng5 28. Nc5 Qxc5 29. Qb7+ Ke8 30. Qb8+ Kd7 31. Qb7+ Kd8 32. Rb1 Qxe3+ 33. Kf1 Qa7 34. Qxd5+ Ke8 35. Rb7 Rd6 36. Qg8# 1-0

[Event "2025 Welsh Open"]
[Site "Mercure Cardiff North Hotel, Circle Way East, Llanedeyrn, Cardiff CF23 9XF"]
[Date "2025.04.18"]
[Round "2"]
[Board "12"]
[White "Sipho, Donovan"]
[Black "Thompson, Chris"]
[Result "1-0"]
[WhiteElo "1787"]
[BlackElo "1551"]
[PlyCount "63"]
[GameId "2191927196005336"]
[EventDate "2025.04.18"]
[EventRounds "7"]
[EventCountry "WLS"]

1. c4 c6 2. Nc3 d5 3. e3 Nf6 4. d4 g6 5. Nf3 Bg7 6. Be2 O-O 7. O-O Bg4 8. Qb3 Qb6 9. Qxb6 axb6 10. cxd5 cxd5 11. h3 Bf5 12. Nh4 Bd7 13. Nf3 Ra5 14. b4 Ra8 15. Bb2 Rc8 16. Rfc1 Ne4 17. Nxd5 Rxc1+ 18. Bxc1 e6 19. Nxb6 Ra6 20. Bxa6 bxa6 21. Nxd7 Nxd7 22. Bb2 Nb6 23. Rc1 Na4 24. Ba1 Bf8 25. Rc8 f6 26. Ra8 Nac3 27. Bxc3 Nxc3 28. a3 Nb5 29. Rxa6 Nc7 30. Rc6 Nb5 31. a4 Na7 32. Rc7 1-0

[Event "2025 Welsh Open"]
[Site "Mercure Cardiff North Hotel, Circle Way East, Llanedeyrn, Cardiff CF23 9XF"]
[Date "2025.04.18"]
[Round "2"]
[Board "13"]
[White "Tagg, Ann"]
[Black "Malibiran, Aldrin"]
[Result "0-1"]
[WhiteElo "1530"]
[BlackElo "1771"]
[PlyCount "62"]
[GameId "2191927196009433"]
[EventDate "2025.04.18"]
[EventRounds "7"]
[EventCountry "WLS"]

1. e4 c5 2. Nf3 g6 3. Bc4 Bg7 4. d3 Nc6 5. Nc3 e6 6. Be3 Nd4 7. Bxd4 cxd4 8. Ne2 Qb6 9. b3 Ne7 10. Nf4 Bh6 11. Ne2 d5 12. exd5 exd5 13. Bxd5 Nxd5 14. Nfxd4 Bg7 15. c3 Nxc3 16. Nxc3 Bxd4 17. Qe2+ Be6 18. Na4 Qa5+ 19. Kf1 Bxa1 20. g3 O-O 21. Kg2 Bd5+ 22. f3 Bd4 23. Rf1 Rfe8 24. Qd1 b5 25. a3 bxa4 26. b4 Qb6 27. Qd2 Re3 28. Qd1 Rae8 29. Kh3 Qe6+ 30. g4 h5 31. Rf2 Qxg4# 0-1

[Event "2025 Welsh Open"]
[Site "Mercure Cardiff North Hotel, Circle Way East, Llanedeyrn, Cardiff CF23 9XF"]
[Date "2025.04.18"]
[Round "2"]
[Board "14"]
[White "Quinn, Peter"]
[Black "George, Naveen Daniel"]
[Result "0-1"]
[WhiteElo "1770"]
[BlackElo "1591"]
[PlyCount "80"]
[GameId "2191927196013530"]
[EventDate "2025.04.18"]
[EventRounds "7"]
[EventCountry "WLS"]

1. e4 c5 2. Nf3 d6 3. d4 cxd4 4. Nxd4 Nf6 5. Nc3 a6 6. Bg5 e6 7. f4 Be7 8. Qf3 Qc7 9. O-O-O Nbd7 10. g4 b5 11. Bg2 Bb7 12. Bxf6 Nxf6 13. g5 Nd7 14. Qg3 b4 15. Nce2 Rc8 16. Rd2 Nc5 17. e5 Bxg2 18. Qxg2 dxe5 19. fxe5 Qxe5 20. h4 Qc7 21. Kb1 a5 22. Rf1 O-O 23. Rfd1 a4 24. Qg3 Ne4 25. Qe3 Nxd2+ 26. Rxd2 a3 27. h5 Qc5 28. Qe4 Qxg5 29. Rd1 h6 30. Rg1 Qxh5 31. Nf4 Qc5 32. Nfe2 Bf6 33. Rf1 Bxd4 34. Nxd4 Qc4 35. Rg1 Rfd8 36. Rd1 Rxd4 37. Qxd4 Qxc2+ 38. Ka1 axb2+ 39. Qxb2 Qxd1+ 40. Qc1 Qxc1# 0-1

[Event "2025 Welsh Open"]
[Site "Mercure Cardiff North Hotel, Circle Way East, Llanedeyrn, Cardiff CF23 9XF"]
[Date "2025.04.18"]
[Round "2"]
[Board "15"]
[White "Bourne, Patrick"]
[Black "Parri, Deio"]
[Result "1-0"]
[WhiteElo "1561"]
[BlackElo "1745"]
[PlyCount "55"]
[GameId "2191927196013531"]
[EventDate "2025.04.18"]
[EventRounds "7"]
[EventCountry "WLS"]

1. d4 d5 2. c4 c6 3. Nc3 Nf6 4. cxd5 cxd5 5. Nf3 e6 6. Bf4 Be7 7. e3 O-O 8. Bd3 a6 9. Qc2 b5 10. O-O Bb7 11. Rac1 Nbd7 12. h3 Rc8 13. a3 h6 14. Qe2 Qa5 15. Rc2 b4 16. axb4 Bxb4 17. Rfc1 Bxc3 18. Rxc3 Rxc3 19. Rxc3 Rc8 20. Ra3 Qb4 21. Bxa6 Bxa6 22. Rxa6 Qb3 23. Ra3 Qb4 24. Ra7 Nb6 25. Ne5 Rf8 26. Rb7 Qa5 27. Kh2 Ne4 28. Nc6 1-0

[Event "2025 Welsh Open"]
[Site "Mercure Cardiff North Hotel, Circle Way East, Llanedeyrn, Cardiff CF23 9XF"]
[Date "2025.04.18"]
[Round "2"]
[Board "18"]
[White "Larg, Richard"]
[Black "Probert, Malcolm"]
[Result "1/2-1/2"]
[WhiteElo "1629"]
[BlackElo "1701"]
[PlyCount "63"]
[GameId "2191927196025822"]
[EventDate "2025.04.18"]
[EventRounds "7"]
[EventCountry "WLS"]

1. d4 d5 2. c4 c6 3. Nf3 Nf6 4. Bf4 g6 5. e3 Bg7 6. Nc3 O-O 7. Be2 Be6 8. c5 Nh5 9. Bxb8 Rxb8 10. Nd2 Nf6 11. b4 Nd7 12. O-O f6 13. Qa4 a6 14. Bd3 Bf7 15. f4 e5 16. fxe5 fxe5 17. Ne2 e4 18. Bb1 Bh6 19. Qb3 Qg5 20. Nf4 Nf6 21. Kh1 Qg4 22. Qd1 g5 23. Ne2 Qh4 24. Rxf6 g4 25. Rxh6 Qxh6 26. Nf4 Qg5 27. g3 h5 28. Bc2 h4 29. Qe1 h3 30. Qe2 Kh7 31. Rf1 Rg8 32. Rb1 1/2-1/2

[Event "2025 Welsh Open"]
[Site "Mercure Cardiff North Hotel, Circle Way East, Llanedeyrn, Cardiff CF23 9XF"]
[Date "2025.04.18"]
[Round "2"]
[Board "19"]
[White "Hollyman, Mike"]
[Black "Watkins, Peter"]
[Result "1-0"]
[WhiteElo "1606"]
[BlackElo "1682"]
[PlyCount "81"]
[GameId "2191927196025823"]
[EventDate "2025.04.18"]
[EventRounds "7"]
[EventCountry "WLS"]

1. c4 e6 2. e4 d5 3. cxd5 exd5 4. exd5 Qxd5 5. Nc3 Qd8 6. Nf3 Nf6 7. Bc4 Be7 8. Ng5 O-O 9. Qb3 Qe8 10. O-O Nc6 11. Qc2 Nd4 12. Qd3 Ne6 13. Nxe6 Bxe6 14. Bxe6 fxe6 15. Qc4 Bd6 16. Re1 Kh8 17. Rxe6 Qh5 18. h3 Rae8 19. Re3 Rxe3 20. dxe3 Qe5 21. f4 Qh5 22. Bd2 Qc5 23. Qxc5 Bxc5 24. Kf2 Bb4 25. Kf3 c6 26. Ne4 Bxd2 27. Nxd2 Rd8 28. Ke2 Kg8 29. Rc1 Kf7 30. Nc4 Ke6 31. Na5 Rd7 32. Rc5 Nd5 33. Rc1 Nb4 34. a3 Nd3 35. Rc2 Kf5 36. Nxb7 Nxf4+ 37. exf4 Rxb7 38. b4 Kxf4 39. Rxc6 Re7+ 40. Kf2 Re3 41. Rc4+ 1-0

[Event "2025 Welsh Open"]
[Site "Mercure Cardiff North Hotel, Circle Way East, Llanedeyrn, Cardiff CF23 9XF"]
[Date "2025.04.18"]
[Round "2"]
[Board "20"]
[White "Hammett, Scott"]
[Black "Blankley, Toby"]
[Result "1-0"]
[WhiteElo "1669"]
[BlackElo "1566"]
[PlyCount "69"]
[GameId "2191927196029920"]
[EventDate "2025.04.18"]
[EventRounds "7"]
[EventCountry "WLS"]

1. f4 Nf6 2. Nf3 g6 3. e3 Bg7 4. Be2 d6 5. O-O O-O 6. d4 Bf5 7. Bd2 c5 8. c3 Nc6 9. Be1 Nd5 10. Bf2 Rc8 11. Nbd2 Nf6 12. Bh4 Ng4 13. Bf2 Nxf2 14. Rxf2 cxd4 15. exd4 e5 16. fxe5 dxe5 17. dxe5 Nxe5 18. Nxe5 Bxe5 19. Nf3 Bc7 20. Nd4 Be4 21. Bf3 Re8 22. Bxe4 Rxe4 23. Qb3 Qe7 24. Raf1 Rf8 25. Qc2 Qh4 26. Nf3 Qe7 27. Kh1 Bb6 28. Nd4 Bxd4 29. cxd4 Rxd4 30. h3 Re8 31. Rxf7 Qd6 32. Qb3 Kh8 33. Qxb7 Qe5 34. Rxh7+ Kg8 35. Qf7# 1-0

[Event "2025 Welsh Open"]
[Site "Mercure Cardiff North Hotel, Circle Way East, Llanedeyrn, Cardiff CF23 9XF"]
[Date "2025.04.18"]
[Round "2"]
[Board "21"]
[White "Enoch, Stuart"]
[Black "Wilkins, Zack"]
[Result "1/2-1/2"]
[WhiteElo "1588"]
[BlackElo "1663"]
[PlyCount "45"]
[GameId "2191927196034017"]
[EventDate "2025.04.18"]
[EventRounds "7"]
[EventCountry "WLS"]

1. c4 Nf6 2. d4 g6 3. Nc3 d5 4. Nf3 Bg7 5. Qb3 dxc4 6. Qxc4 O-O 7. Bf4 Na6 8. e4 c5 9. d5 Qa5 10. Rc1 Bg4 11. Be2 Bxf3 12. Bxf3 Nd7 13. Be2 Ne5 14. Bxe5 Bxe5 15. O-O Qc7 16. g3 Qd7 17. Kg2 Rac8 18. Nb5 Bxb2 19. Rb1 Be5 20. f4 Bg7 21. Nxa7 Rc7 22. Nb5 Rcc8 23. e5 1/2-1/2

[Event "2025 Welsh Open"]
[Site "Mercure Cardiff North Hotel, Circle Way East, Llanedeyrn, Cardiff CF23 9XF"]
[Date "2025.04.18"]
[Round "2"]
[Board "22"]
[White "Hurn, Robert Aj"]
[Black "Hill, Glyn"]
[Result "1-0"]
[WhiteElo "1646"]
[BlackElo "1518"]
[PlyCount "161"]
[GameId "2191927196034018"]
[EventDate "2025.04.18"]
[EventRounds "7"]
[EventCountry "WLS"]

1. d4 d5 2. c4 e6 3. Nc3 a6 4. cxd5 exd5 5. Nf3 Nf6 6. Bg5 Be7 7. e3 Bg4 8. Be2 Nbd7 9. O-O c6 10. Rc1 h6 11. Bh4 Bd6 12. Re1 Qc7 13. Bg3 g5 14. a3 Ne4 15. Nxd5 Qb8 16. Bxd6 Qxd6 17. Nc3 Ndf6 18. Ne5 Bxe2 19. Qxe2 h5 20. Red1 Nxc3 21. Rxc3 Nd5 22. Rcc1 f6 23. Nc4 Qc7 24. b4 b5 25. Na5 Qd7 26. Rxc6 Rc8 27. Rdc1 Rxc6 28. Rxc6 Nc7 29. Qc2 Kd8 30. Nb7+ Kc8 31. Nd6+ Kb8 32. Rb6+ Ka7 33. Rb7+ Ka8 34. Qxc7 Qxc7 35. Rxc7 Kb8 36. Rc6 Ka7 37. Ne4 f5 38. Nxg5 Kb7 39. Rc5 Rf8 40. Ne6 Rf6 41. Re5 Rg6 42. Nc5+ Kc7 43. Rxf5 h4 44. h3 Rd6 45. Rh5 Kb6 46. Rxh4 a5 47. bxa5+ Ka7 48. Rh7+ Ka8 49. Rb7 b4 50. axb4 Rxd4 51. Rb6 Rd1+ 52. Kh2 Rd8 53. e4 Rd2 54. f4 Rf2 55. f5 Re2 56. h4 Rd2 57. h5 Rd8 58. h6 Rg8 59. h7 Rh8 60. Rh6 Ka7 61. g4 Rd8 62. Kh3 Rd1 63. Kh4 Rd8 64. Ne6 Rb8 65. h8=Q Ka6 66. Nd4+ Ka7 67. Nc6+ Ka6 68. Nxb8+ Kb5 69. Rb6+ Kc4 70. Qc8+ Kd3 71. e5 Ke4 72. e6 Ke5 73. Nd7+ Ke4 74. Qc4+ Ke3 75. e7 Kf2 76. e8=R Kf3 77. Ne5+ Kg2 78. Qe2+ Kh1 79. Kg5 Kg1 80. Nf3+ Kh1 81. Rh8# 1-0

[Event "2025 Welsh Open"]
[Site "Mercure Cardiff North Hotel, Circle Way East, Llanedeyrn, Cardiff CF23 9XF"]
[Date "2025.04.18"]
[Round "2"]
[Board "23"]
[White "Malibiran, Alexis Kristoff"]
[Black "Williams, John A"]
[Result "1-0"]
[WhiteElo "1505"]
[BlackElo "1644"]
[PlyCount "79"]
[GameId "2191927196038115"]
[EventDate "2025.04.18"]
[EventRounds "7"]
[EventCountry "WLS"]

1. e4 d6 2. Nc3 Nf6 3. f4 c5 4. Nf3 Nc6 5. Bc4 a6 6. d3 Bg4 7. h3 Bxf3 8. Qxf3 Nd4 9. Qf2 b5 10. Bb3 a5 11. a4 Nxb3 12. cxb3 b4 13. Nb5 g6 14. O-O Bg7 15. e5 Nd5 16. exd6 exd6 17. Re1+ Kf8 18. f5 Be5 19. fxg6 hxg6 20. Rf1 f5 21. Qf3 Nf6 22. Nc7 Bd4+ 23. Kh1 Qxc7 24. Qxa8+ Kg7 25. Qf3 Ng4 26. Bf4 Qf7 27. Bxd6 Ne5 28. Qg3 Qd5 29. Bxe5+ Bxe5 30. Rxf5 Rxh3+ 31. Qxh3 gxf5 32. Qxf5 Qd6 33. Re1 Qh6+ 34. Qh3 Qf4 35. Qh5 Kf6 36. Qxe5+ Qxe5 37. Rxe5 Kxe5 38. Kg1 Kf4 39. Kf2 Kg4 40. Ke3 1-0

[Event "2025 Welsh Open"]
[Site "Mercure Cardiff North Hotel, Circle Way East, Llanedeyrn, Cardiff CF23 9XF"]
[Date "2025.04.19"]
[Round "3"]
[Board "1"]
[White "Vlkova, Anezka"]
[Black "De La Cruz Loredo, Ivan"]
[Result "0-1"]
[WhiteElo "1979"]
[BlackElo "2079"]
[PlyCount "92"]
[GameId "2191927421169757"]
[EventDate "2025.04.18"]
[EventRounds "7"]
[EventCountry "WLS"]

1. e4 g6 2. d4 Bg7 3. Nc3 c5 4. dxc5 Qa5 5. Nge2 Qxc5 6. Be3 Qa5 7. Rb1 Nc6 8. a3 Nf6 9. b4 Qd8 10. Nf4 Ng4 11. Bd2 d6 12. Be2 Nf6 13. O-O O-O 14. Be3 b6 15. Nfd5 Ne8 16. b5 Na5 17. Bg5 f6 18. Bf4 Be6 19. Nb4 Rc8 20. Ncd5 Bd7 21. a4 Kh8 22. h4 e6 23. Ne3 e5 24. Bg3 f5 25. exf5 gxf5 26. f4 Nf6 27. Ned5 Ne4 28. Be1 Be6 29. Bf3 Rc4 30. c3 exf4 31. Nxf4 Bf7 32. Bxe4 Rxe4 33. Nbd5 Rfe8 34. Rb4 Nc4 35. Bf2 Bxd5 36. Nxd5 f4 37. Qd3 Qc8 38. Kh1 f3 39. Qxf3 Nd2 40. Qd3 Rxb4 41. cxb4 Nxf1 42. Qxf1 Qf5 43. Nc7 Rc8 44. Na6 Rc2 45. Kg1 Rb2 46. Qe1 Rb1 0-1

[Event "2025 Welsh Open"]
[Site "Mercure Cardiff North Hotel, Circle Way East, Llanedeyrn, Cardiff CF23 9XF"]
[Date "2025.04.19"]
[Round "3"]
[Board "2"]
[White "Van Veelen, Thomas"]
[Black "Gibbs, Dominic V"]
[Result "1-0"]
[WhiteElo "2055"]
[BlackElo "1961"]
[PlyCount "73"]
[GameId "2191927421177950"]
[EventDate "2025.04.18"]
[EventRounds "7"]
[EventCountry "WLS"]

1. d4 d6 2. Nf3 g6 3. c4 Bg7 4. Nc3 Bg4 5. e3 c5 6. Be2 cxd4 7. Nxd4 Bxe2 8. Ncxe2 Nf6 9. O-O O-O 10. b3 Nc6 11. Bb2 a6 12. Nc3 Qd7 13. Qe2 Nxd4 14. exd4 e6 15. Rfd1 Rab8 16. d5 e5 17. a4 Qc7 18. Ba3 b6 19. Rac1 Bh6 20. Rc2 Nd7 21. b4 f5 22. h3 e4 23. c5 bxc5 24. bxc5 Rb3 25. cxd6 Qb6 26. Bc1 Bg7 27. Qc4 Ne5 28. Qc7 Nd3 29. Nb5 Bd4 30. Nxd4 Qxd4 31. d7 Qxd5 32. Rb2 e3 33. fxe3 Rxb2 34. Bxb2 Qb3 35. d8=Q Qxd1+ 36. Kh2 Nxb2 37. Qde7 1-0

[Event "2025 Welsh Open"]
[Site "Mercure Cardiff North Hotel, Circle Way East, Llanedeyrn, Cardiff CF23 9XF"]
[Date "2025.04.19"]
[Round "3"]
[Board "3"]
[White "Sharhorodsky, Yaroslav"]
[Black "Roberts, David L"]
[Result "0-1"]
[WhiteElo "1703"]
[BlackElo "1979"]
[PlyCount "24"]
[GameId "2191927421182047"]
[EventDate "2025.04.18"]
[EventRounds "7"]
[EventCountry "WLS"]

1. e4 e5 2. Nf3 Nc6 3. Bb5 f5 4. Bxc6 dxc6 5. Nxe5 Qd4 6. Qh5+ g6 7. Nxg6 hxg6 8. Qxg6+ Kd8 9. Nc3 Bc5 10. O-O Ne7 11. Qf7 Qe5 12. g3 Be6 0-1

[Event "2025 Welsh Open"]
[Site "Mercure Cardiff North Hotel, Circle Way East, Llanedeyrn, Cardiff CF23 9XF"]
[Date "2025.04.19"]
[Round "3"]
[Board "4"]
[White "Tapp, James"]
[Black "Williams, Stephen"]
[Result "1-0"]
[WhiteElo "1986"]
[BlackElo "1701"]
[PlyCount "55"]
[GameId "2191927421182048"]
[EventDate "2025.04.18"]
[EventRounds "7"]
[EventCountry "WLS"]

1. d4 Nf6 2. Nf3 g6 3. g3 Bg7 4. Bg2 O-O 5. O-O c5 6. d5 d6 7. c4 Nbd7 8. h3 Rb8 9. Nc3 a6 10. a4 Nb6 11. Qd3 Bf5 12. e4 Bd7 13. Re1 Na8 14. e5 Bf5 15. Qe2 dxe5 16. Nxe5 Qd6 17. g4 Bd7 18. Bf4 Qb6 19. Nxd7 Nxd7 20. Bxb8 Bxc3 21. bxc3 Rxb8 22. Qxe7 Nf8 23. d6 Ne6 24. Rxe6 fxe6 25. Qxe6+ Kg7 26. Qe5+ Kg8 27. Bd5+ Kf8 28. Qe7# 1-0

[Event "2025 Welsh Open"]
[Site "Mercure Cardiff North Hotel, Circle Way East, Llanedeyrn, Cardiff CF23 9XF"]
[Date "2025.04.19"]
[Round "3"]
[Board "5"]
[White "Malibiran, Aldrin"]
[Black "Turner, George"]
[Result "0-1"]
[WhiteElo "1771"]
[BlackElo "1975"]
[PlyCount "86"]
[GameId "2191927421186145"]
[EventDate "2025.04.18"]
[EventRounds "7"]
[EventCountry "WLS"]

1. e4 c5 2. Nc3 Nc6 3. f4 g6 4. Nf3 Bg7 5. Bc4 e6 6. e5 d5 7. exd6 Qxd6 8. Ne4 Qxf4 9. d3 Qc7 10. O-O Nf6 11. Nfg5 Nxe4 12. Rxf7 Bd4+ 13. Kh1 Qxf7 14. Nxe4 O-O 15. Bg5 Qf5 16. c3 Bg7 17. Qe2 Ne5 18. Be7 Rf7 19. Nd6 Qf2 20. Qxf2 Rxf2 21. Bh4 Rxb2 22. Nxc8 Nxc4 23. Ne7+ Kf7 24. Rf1+ Ke8 25. dxc4 Rd8 26. a4 Rdd2 27. Nc8 Be5 28. Re1 Re2 29. Rd1 Rbd2 30. Rb1 Rxg2 31. Be1 Rxh2+ 32. Kg1 Rdg2+ 33. Kf1 Rb2 34. Rxb2 Rxb2 35. Nxa7 g5 36. a5 h5 37. Bf2 Bxc3 38. Nb5 Bxa5 39. Bxc5 Kd7 40. Nd4 g4 41. Ba3 Ra2 42. Bf8 g3 43. Nb3 Rf2+ 0-1

[Event "2025 Welsh Open"]
[Site "Mercure Cardiff North Hotel, Circle Way East, Llanedeyrn, Cardiff CF23 9XF"]
[Date "2025.04.19"]
[Round "3"]
[Board "6"]
[White "Van Noorden, Nicolas"]
[Black "Bourne, Patrick"]
[Result "1-0"]
[WhiteElo "1888"]
[BlackElo "1561"]
[PlyCount "67"]
[GameId "2191927421186146"]
[EventDate "2025.04.18"]
[EventRounds "7"]
[EventCountry "WLS"]

1. Nf3 d5 2. d3 Nf6 3. Nbd2 e6 4. e4 dxe4 5. dxe4 Bc5 6. Be2 Bd7 7. c3 a5 8. e5 Nd5 9. Ne4 Ba7 10. Bg5 Qc8 11. c4 Ne7 12. Bxe7 Kxe7 13. Qc1 Bc6 14. Qg5+ Kf8 15. Ng3 Nd7 16. Nh5 Rg8 17. Qf4 Bxf3 18. Bxf3 c6 19. O-O-O Bb8 20. Qd4 Ke7 21. Rhe1 Bc7 22. Bg4 c5 23. Qe3 h6 24. f4 g6 25. Ng3 a4 26. Bf3 a3 27. b3 Rb8 28. Ne4 b6 29. g3 h5 30. Nc3 Rh8 31. Bc6 Nf8 32. f5 Nh7 33. f6+ Kf8 34. Qh6+ 1-0

[Event "2025 Welsh Open"]
[Site "Mercure Cardiff North Hotel, Circle Way East, Llanedeyrn, Cardiff CF23 9XF"]
[Date "2025.04.19"]
[Round "3"]
[Board "7"]
[White "George, Naveen Daniel"]
[Black "Browse, Joseph"]
[Result "1/2-1/2"]
[WhiteElo "1591"]
[BlackElo "1804"]
[PlyCount "68"]
[GameId "2191927421190243"]
[EventDate "2025.04.18"]
[EventRounds "7"]
[EventCountry "WLS"]

1. e4 e5 2. Nf3 Nc6 3. Bb5 a6 4. Ba4 Nf6 5. O-O Nxe4 6. d4 b5 7. Bb3 d5 8. dxe5 Be6 9. c3 Bc5 10. Bf4 O-O 11. Nd4 Bxd4 12. cxd4 f6 13. exf6 Qxf6 14. Be3 Na5 15. Nc3 Nxc3 16. bxc3 Nc4 17. Bxc4 dxc4 18. a4 c6 19. Qd2 Qg6 20. f3 Bd5 21. Kh1 Qd3 22. Rfd1 Rae8 23. Bg1 Qxd2 24. Rxd2 Rf6 25. h3 Rfe6 26. Rda2 Re1 27. axb5 axb5 28. Kh2 R8e2 29. Rxe1 Rxe1 30. Rc2 Bf7 31. Bf2 Rd1 32. Be3 Rb1 33. Kg3 Bg6 34. Rc1 Rxc1 1/2-1/2

[Event "2025 Welsh Open"]
[Site "Mercure Cardiff North Hotel, Circle Way East, Llanedeyrn, Cardiff CF23 9XF"]
[Date "2025.04.19"]
[Round "3"]
[Board "8"]
[White "Murthy, Arush"]
[Black "Sipho, Donovan"]
[Result "0-1"]
[WhiteElo "1539"]
[BlackElo "1787"]
[PlyCount "56"]
[GameId "2191927421190244"]
[EventDate "2025.04.18"]
[EventRounds "7"]
[EventCountry "WLS"]

1. d4 Nf6 2. c4 e6 3. Nc3 d5 4. e3 c5 5. Nf3 Nc6 6. Bd3 Be7 7. O-O b6 8. cxd5 Nxd5 9. Nxd5 exd5 10. h3 O-O 11. a3 c4 12. Bc2 b5 13. Ne5 Qc7 14. Nxc6 Qxc6 15. Bd2 a5 16. Qe1 Bd8 17. Bc3 f5 18. Qd2 Bc7 19. f4 Bd7 20. Rac1 Rfb8 21. Rf3 Qd6 22. Kf2 b4 23. axb4 axb4 24. Bxb4 Qxb4 25. Qd1 Qxb2 26. Rb1 Qc3 27. Rxb8+ Rxb8 28. e4 Qb2 0-1

[Event "2025 Welsh Open"]
[Site "Mercure Cardiff North Hotel, Circle Way East, Llanedeyrn, Cardiff CF23 9XF"]
[Date "2025.04.19"]
[Round "3"]
[Board "9"]
[White "Adams, Mark"]
[Black "Hurn, Robert Aj"]
[Result "1-0"]
[WhiteElo "1916"]
[BlackElo "1646"]
[PlyCount "91"]
[GameId "2191927421190245"]
[EventDate "2025.04.18"]
[EventRounds "7"]
[EventCountry "WLS"]

1. e4 c5 2. Nf3 d6 3. d4 cxd4 4. Nxd4 Nf6 5. f3 Nc6 6. c4 Qb6 7. Nc2 e6 8. b3 Be7 9. Nc3 a6 10. Be3 Qc7 11. Qd2 O-O 12. Be2 b6 13. O-O Rd8 14. Rfd1 Rb8 15. Rac1 Bb7 16. Bf1 Rd7 17. Qf2 Ba8 18. Na4 Bd8 19. Qg3 Ne8 20. Be2 Qb7 21. f4 f5 22. exf5 exf5 23. Bf3 Qc7 24. Bd5+ Kh8 25. Be6 Re7 26. Bxf5 Nf6 27. Nc3 b5 28. Nd5 Nxd5 29. cxd5 Na5 30. Be6 Qb7 31. f5 Bb6 32. Qxd6 Bxe3+ 33. Nxe3 Qa7 34. Qe5 b4 35. Kh1 Qb7 36. f6 Ree8 37. fxg7+ Qxg7 38. Qxg7+ Kxg7 39. Rc7+ Kh8 40. Ng4 Rb7 41. Rdc1 Rxc7 42. Rxc7 Rf8 43. Kg1 Nb7 44. Ne5 Nd6 45. Nd7 Rd8 46. Nf6 1-0

[Event "2025 Welsh Open"]
[Site "Mercure Cardiff North Hotel, Circle Way East, Llanedeyrn, Cardiff CF23 9XF"]
[Date "2025.04.19"]
[Round "3"]
[Board "10"]
[White "Hollyman, Mike"]
[Black "Thomas, Mark"]
[Result "0-1"]
[WhiteElo "1606"]
[BlackElo "1898"]
[PlyCount "58"]
[GameId "2191927421190246"]
[EventDate "2025.04.18"]
[EventRounds "7"]
[EventCountry "WLS"]

1. c4 b6 2. Nc3 e6 3. Nf3 Bb7 4. e3 f5 5. d4 Nf6 6. Be2 Be7 7. b3 O-O 8. Bb2 Ne4 9. d5 Bb4 10. Rc1 Qe7 11. O-O Na6 12. Nxe4 fxe4 13. Ne1 exd5 14. cxd5 Bd6 15. g3 Rf7 16. Bh5 Rf5 17. Bg4 Rxd5 18. Qe2 Rf8 19. Nc2 Nc5 20. Nb4 Rg5 21. h4 Rg6 22. Rfd1 a5 23. Nd5 Bxd5 24. Rxd5 Nd3 25. Rf1 Nxb2 26. Qxb2 Rxg4 27. Qe2 Rf3 28. Qc4 Qf7 29. Qd4 Rgxg3+ 0-1

[Event "2025 Welsh Open"]
[Site "Mercure Cardiff North Hotel, Circle Way East, Llanedeyrn, Cardiff CF23 9XF"]
[Date "2025.04.19"]
[Round "3"]
[Board "11"]
[White "Smith, Andrew R"]
[Black "Malibiran, Alexis Kristoff"]
[Result "1/2-1/2"]
[WhiteElo "1779"]
[BlackElo "1505"]
[PlyCount "63"]
[GameId "2191927421194343"]
[EventDate "2025.04.18"]
[EventRounds "7"]
[EventCountry "WLS"]

1. e4 c5 2. Nf3 g6 3. d4 cxd4 4. Nxd4 Nc6 5. Nc3 Bg7 6. Be3 Nf6 7. Bc4 Qa5 8. f3 Qb4 9. Nxc6 Qxc4 10. Ne5 Qb4 11. Nd3 Qa5 12. O-O O-O 13. Qd2 d6 14. Nf4 Bd7 15. Nfd5 Rfe8 16. b4 Qd8 17. Rad1 Nxd5 18. Nxd5 Bb5 19. Rfe1 Rc8 20. Bd4 Bxd4+ 21. Qxd4 Rxc2 22. Qxa7 Qa8 23. Nxe7+ Kf8 24. Qxa8 Rxa8 25. Nd5 Raxa2 26. Ne3 Rd2 27. Rxd2 Rxd2 28. Rc1 Rd4 29. Rc8+ Kg7 30. Rc7 Bc6 31. b5 Bxb5 32. Rxb7 1/2-1/2

[Event "2025 Welsh Open"]
[Site "Mercure Cardiff North Hotel, Circle Way East, Llanedeyrn, Cardiff CF23 9XF"]
[Date "2025.04.19"]
[Round "3"]
[Board "12"]
[White "Powell-Jones, Liam"]
[Black "Jones, Steve"]
[Result "1-0"]
[WhiteElo "1667"]
[BlackElo "1777"]
[PlyCount "85"]
[GameId "2191927421194344"]
[EventDate "2025.04.18"]
[EventRounds "7"]
[EventCountry "WLS"]

1. e4 d6 2. d4 Nf6 3. Nc3 Nbd7 4. Be3 e5 5. Qd2 Be7 6. f3 c6 7. g4 h6 8. Nge2 Qc7 9. Ng3 exd4 10. Bxd4 Ne5 11. Bxe5 dxe5 12. h4 Bd7 13. O-O-O O-O-O 14. Qf2 b6 15. Bc4 Rhf8 16. g5 Ng8 17. gxh6 Nxh6 18. Rd3 f5 19. exf5 Nxf5 20. Nxf5 Bxf5 21. Rxd8+ Rxd8 22. Ne4 Kb7 23. Ng5 Rd6 24. Qe2 Rd4 25. Ne4 b5 26. Bd3 Be6 27. Rg1 Bf8 28. b3 Qe7 29. Ng5 Qa3+ 30. Kb1 Bb4 31. c3 Bxc3 32. Nxe6 Rxd3 33. Nc5+ Qxc5 34. Rxg7+ Kb6 35. Qxd3 e4 36. Qd8+ Ka6 37. Qc8+ Ka5 38. Qc7+ Kb4 39. Rg4 Ka3 40. Qf4 e3 41. b4 Qd5 42. Qxe3 Qd1+ 43. Qc1+ 1-0

[Event "2025 Welsh Open"]
[Site "Mercure Cardiff North Hotel, Circle Way East, Llanedeyrn, Cardiff CF23 9XF"]
[Date "2025.04.19"]
[Round "3"]
[Board "16"]
[White "Enoch, Kristan"]
[Black "Quinn, Peter"]
[Result "1/2-1/2"]
[WhiteElo "1611"]
[BlackElo "1770"]
[PlyCount "142"]
[GameId "2191927421202540"]
[EventDate "2025.04.18"]
[EventRounds "7"]
[EventCountry "WLS"]

1. e4 Nf6 2. e5 Nd5 3. d4 d6 4. exd6 cxd6 5. Nf3 g6 6. c3 Bg7 7. Bd3 Nc6 8. O-O O-O 9. Na3 Bf5 10. Nc4 Qd7 11. Ne3 Bxd3 12. Qxd3 Nc7 13. Re1 Rad8 14. Nc2 d5 15. Ne5 Qf5 16. Qxf5 gxf5 17. Nxc6 bxc6 18. Rxe7 Rc8 19. Ne3 Rfe8 20. Nxf5 Bf8 21. Re3 Ne6 22. Rg3+ Kh8 23. Bh6 Rb8 24. b3 Rb7 25. Re1 Rd8 26. Bxf8 Rxf8 27. Rge3 Rd8 28. Nh6 Rf8 29. R1e2 Nd8 30. Re8 Kg7 31. Nf5+ Kg8 32. R2e3 Ne6 33. Rxf8+ Kxf8 34. Kf1 Rd7 35. g3 Ng7 36. Nxg7 Kxg7 37. f4 Rc7 38. Kf2 f6 39. g4 Kf7 40. Rh3 Kg7 41. Re3 Kf7 42. h4 c5 43. dxc5 Rxc5 44. Rd3 Ke7 45. f5 d4 46. c4 h5 47. Kf3 hxg4+ 48. Kxg4 Re5 49. Rxd4 Re2 50. Kh5 Rxa2 51. Rg4 Kf7 52. Kh6 a5 53. Rg7+ Kf8 54. Rb7 Rg2 55. Rb5 Rg3 56. Rxa5 Rxb3 57. Kg6 Ke7 58. Ra7+ Ke8 59. Kxf6 Rb6+ 60. Kg7 Rb2 61. f6 Rg2+ 62. Kh6 Rg4 63. h5 Rxc4 64. Ra5 Kf7 65. Ra6 Rg4 66. Kh7 Rg5 67. h6 Rg1 68. Ra7+ Kxf6 69. Kh8 Rb1 70. Rg7 Rb8+ 71. Rg8 Rb7 1/2-1/2